000
00297nam a2200133Ia 4500
008
240624s9999 xx 000 0 und d
041
_a
eng
082
_a
516 LAN
100
_a
LANG SERGE
245
_a
SHORT CALCULUS
260
_c
2002
300
_a
xii, : 260 : p. : cm. ; 26
365
_c
RS
_b
30
999
_c
25604
_d
25604